Handbook of the nations and international organizations / (Record no. 6998)
[ view plain ]
| 000 -LEADER | |
|---|---|
| fixed length control field | 00932nam a2200301 a 4500 |
| 001 - CONTROL NUMBER | |
| JCCL Control Number | 6998 |
| 003 - CONTROL NUMBER IDENTIFIER | |
| JCCL marc code | BD-JhCC |
| 005 - DATE AND TIME OF LATEST TRANSACTION | |
| control field | 20180417174727.0 |
| 008 - FIXED-LENGTH DATA ELEMENTS--GENERAL INFORMATION | |
| fixed length control field | 180103s1966 nyuab bd 000 0 eng d |
| 035 ## - SYSTEM CONTROL NUMBER | |
| system control number | (BD-JhCC)6998 |
| 040 ## - CATALOGING SOURCE | |
| Original cataloging agency | BD-JhCC |
| Transcribing agency | DLC |
| Modifying agency | BD-JhCC |
| 041 ## - LANGUAGE CODE | |
| Language code of Book | eng |
| 050 00 - LIBRARY OF CONGRESS CALL NUMBER | |
| Classification number | G122 |
| Item number | .L46 |
| 082 00 - DEWEY DECIMAL CLASSIFICATION NUMBER | |
| Classification number | 915/.03/4 |
| Author mark and Year | HAN 1968 |
| 245 10 - TITLE STATEMENT | |
| Title | Handbook of the nations and international organizations / |
| Statement of responsibility, etc | by the editors Time-Life Book. |
| 260 ## - PUBLICATION, DISTRIBUTION, ETC. (IMPRINT) | |
| Place of publication, distribution, etc | New York, |
| Name of publisher, distributor, etc | Time, inc. |
| Date of publication, distribution, etc | [1966] |
| 300 ## - PHYSICAL DESCRIPTION | |
| Pagination | 176 p. |
| Other physical details | illus. (part col.), col. maps. |
| Dimensions | 28 cm. |
| 490 0# - SERIES STATEMENT | |
| Series statement | Life world library |
| 504 ## - BIBLIOGRAPHY, ETC. NOTE | |
| Bibliography, etc | Includes bibliographies. |
| 504 ## - BIBLIOGRAPHY, ETC. NOTE | |
| Bibliography, etc | "Guide to major topics in the Life world library": p. [161]-176. |
| 650 #0 - SUBJECT ADDED ENTRY--TOPICAL TERM | |
| Topical term or geographic name as entry element | States, Small. |
| 650 #0 - SUBJECT ADDED ENTRY--TOPICAL TERM | |
| Topical term or geographic name as entry element | International agencies. |
| 650 #0 - SUBJECT ADDED ENTRY--TOPICAL TERM | |
| Topical term or geographic name as entry element | Geography |
| General subdivision | Dictionaries. |
| 710 ## - ADDED ENTRY--CORPORATE NAME | |
| Corporate name or jurisdiction name as entry element | Time-Life Book. |
| 730 ## - ADDED ENTRY--UNIFORM TITLE | |
| Uniform title | Life world library. (Indexes) |
| 942 ## - ADDED ENTRY ELEMENTS (KOHA) | |
| Source of classification or shelving scheme | Dewey Decimal Classification |
| Koha item type | Books |
| Source of classification or shelving scheme | Damaged status | Not for loan | Home library | Current library | Shelving location | Source of acquisition | Total Checkouts | Full call number | Barcode | Date last seen | Copy number | Koha item type |
|---|---|---|---|---|---|---|---|---|---|---|---|---|
| Dewey Decimal Classification | JCC Rouf Library | JCC Rouf Library | General Stacks | Asia foundation | 915/.03/4 HAN 1968 | 6511 | 02/03/2018 | C-1 | Books |